000 00253nam a2200097Ia 4500
001 1002897
005 20250826230439.0
008 250824s9999 xx 000 0 und d
245 0 _aKAS MAKİNESİ
_cALEXANDER MCCALL SMITH
260 _bHEP KİTAP YAYINLARI
999 _c1002897
_d1002897